000 00262nam a2200109Ia 4500
008 190914s9999||||xx |||||||||||||| ||und||
100 _aShyam Dua
245 4 _aThe Luminous Life of Pablo Picasso
260 _aDelhi
_bTiny Tot
_c2012
300 _a955
942 _cBK
999 _c9044
_d9044